| 000 | 00000nam 2200000za 4500 |
| 001 | 9.644393 |
| 003 | CaOODSP |
| 005 | 20250506145324 |
| 007 | cr ||||||||||| |
| 008 | 150407r19651964onc|||||o f000 0 fre d |
| 040 | |aCaOODSP|bfre |
| 043 | |an-cn--- |
| 086 | 1 |aA53-1197/1964F-PDF|zA53-1197F |
| 100 | 1 |aCraig, D.L. |q(Donald Laird), |d1923- |
| 245 | 10|aVariétés de framboisiers rouges pour l'Est du Canada |h[ressource électronique] / |cD.L. Craig. |
| 260 | |aOttawa : |bAgriculture Canada, |c1965. |
| 300 | |a3 p. |
| 500 | |aPublication historique numérisée par Agriculture et Agroalimentaire Canada. |
| 500 | |aPubl. aussi en anglais sous le titre : Varieties of red rasberries for eastern Canada. |
| 500 | |a«La présente publication remplace en partie la publication 836, Framboises et ronces.» -- p. 3. |
| 692 | 07|2gccst|aCultures fruitières |
| 710 | 1 |aCanada.|bAgriculture Canada. |
| 775 | 08|tVarieties of red raspberries for Eastern Canada |w(CaOODSP)9.700509 |
| 856 | 40|ahttp://publications.gc.ca|qPDF|s301 Ko|uhttps://publications.gc.ca/collections/collection_2015/aac-aafc/A53-1197-1964-fra.pdf |
| 986 | |aPublication 1197 |